00729nam a2200229Ia 4500001000600000003000900006008004100015040001300056040001300069041001300082100001900095100002900114245007200143245008700215250001100302260001100313260001200324260004900336300005900385650002400444650003100468 9645IT-RoPAU130308s9999 xx 000 0 und d aIT-RoPAU cIT-RoPAU aITALIANO aMarucci Franco gCodice Aut. SPICS: 4079 a"Materialità€ come ""salvezza"" nella poesia di Dylan Thomas (La)" bMaterialita' del testo (La)-Ricerca interdisciplinare Sulle Pratiche Significanti a1a ed. aVERONA bBertani c1977 [1° Ed.:1977 - Ed.Ling.Originale:1977] a"26 p. (prefazione: no ; testo: 26 [pagine: 206-231])" aSAGGI DI SEMIOLOGIA eCodice materia Spics: 3257